CS-GO,2 Major MVP ALSOwinners [FullNames of teams] - Statistics

General Stats
  • This quiz has been taken 9 times
  • The average score is 18 of 22
Answer Stats
Tournaments MVP Answer % Correct
ELEAGUE Major Atlanta 2017 Kjaerbye Astralis
100%
FACEIT Major London 2018 device Astralis
100%
IEM Katowice 2019 Magisk Astralis
100%
StarLadder Berlin Major 2019 device Astralis
100%
ELEAGUE Major Boston 2018 tarik Cloud9
89%
DreamHack Winter 2013 JW Fnatic
89%
ESL One Katowice 2015 olofmeister Fnatic
89%
ESL One Cologne 2015 flusha Fnatic
89%
PGL Major Stockholm 2021 s1mple Natus Vincere
89%
PGL Major Copenhagen 2024 jL Natus Vincere
89%
EMS One Katowice 2014 pashaBiceps Virtus.pro
89%
PGL Major Antwerp 2022 rain FaZe Clan
78%
PGL Major Kraków 2017 AdreN Gambit Esports
78%
ESL One Cologne 2014 friberg Ninjas in Pyjamas
78%
IEM Rio Major 2022 Jame Outsiders
78%
ESL One Cologne 2016 coldzera SK Gaming
78%
Perfect World Shanghai Major 2024 donk Team Spirit
78%
BLAST.tv Paris Major 2023 ZywOo Team Vitality
78%
BLAST.tv Austin Major 2025 ZywOo Team Vitality
78%
MLG Columbus 2016 coldzera Luminosity Gaming
67%
DreamHack Cluj-Napoca 2015 kennyS Team EnVyUs
44%
DreamHack Winter 2014 Happy Team LDLC.com
33%
No matching quizzes found
Score Distribution
Percent of People with Each Score
Percentile by Number Answered
Your Score History
You have not taken this quiz